| 000 -ლიდერი |
| ფიქსირებული სიგრძის საკონტროლო ველი |
00993nam a2200241Ia 4500 |
| 001 - საკონტროლო ნომერი |
| საკონტროლო ველი |
18054 |
| 003 - საკონტროლო ნომრის იდენტიფიკატორი |
| საკონტროლო ველი |
GE_BSU |
| 005 - ბოლო ოპერაციის თარიღი და დრო |
| საკონტროლო ველი |
20251201200000.0 |
| 008 - ფიქსირებული სიგრძის მონაცემთა ელემენტები - ზოგადი ინფორმაცია |
| ფიქსირებული სიგრძის საკონტროლო ველი |
181216s2004||||ge |||||||||||||| ||geo|| |
| 020 ## - წიგნის საერთაშორისო სტანდარტული ნომერი |
| International Standard Book Number |
1512-09-53 |
| 040 ## - კატალოგიზაციის წყარო |
| Transcribing agency |
GE_BSU |
| 041 ## - ენის კოდი |
| Language code of text/sound track or separate title |
geo |
| 080 ## - უნივერსალური ათობითი კლასიფიკაციის ინდექსი |
| Universal Decimal Classification number |
811.353.1(063) ქ-27 |
| 245 ## - ცნობა სათაურის შესახებ |
| Title |
ქართველური მემკვიდრეობა : |
| Remainder of title |
VIII / |
| Statement of responsibility, etc |
რედ. ა.ნიკოლეიშვილი, ტ. ფუტკარაძე. |
| 264 ## - წარმოების, გამოცემის, დისტრიბუციის და სხვა ცნობები |
| გამოცემის, წარმოების, დისტრიბუციის... ადგილი |
ქუთაისი : |
| გამოცემის, წარმოების, დისტრიბუციის... სახელწოდება |
აკაკი წერეთლის სახელობის სახ. უნ-ტი, |
| გამოცემის, წარმოების, დისტრიბუციის... თარიღი |
2004. |
| 300 ## - ფიზიკური აღწერა |
| Extent |
358 გვ.; |
| Other physical details |
24 სმ. |
| 520 ## - SUMMARY, ETC. |
| Summary, etc |
ყდა და თავფ. ინგლ.ენ |
| 653 ## - INDEX TERM--UNCONTROLLED |
| Uncontrolled term |
სიმპოზიუმის მასალები |
| 653 ## - INDEX TERM--UNCONTROLLED |
| Uncontrolled term |
ქართველური მემკვიდრეობა |
| 653 ## - INDEX TERM--UNCONTROLLED |
| Uncontrolled term |
ქუთაისური საუბრები. |
| 942 ## - ADDED ENTRY ELEMENTS (KOHA) |
| Koha item type |
წიგნი |
| Source of classification or shelving scheme |
|